000 00605nam a2200193Ia 4500
005 20250508161619.0
008 008 250505s9999 xx 000 0 eng d
037 _aTextual
040 _aFEDL
_beng
_cFEDL
041 _aeng
_2eng
084 _a321.021, SUN
_qFEDL
100 _aSundquist James L.
245 0 _aMaking federalism work : A study of program coordination at the community level
260 _aWashington, USA
_bThe Brookings Institution
_c1969
300 _aviii,293p.
700 _a Davis David W.
_9771054
942 _cTEXL
_h321.021, SUN
999 _c1371130
_d1371130